|
|
|
|
| LEADER |
00000naa2a2200000 4500 |
| 001 |
388278 |
| 005 |
20231101063726.0 |
| 035 |
|
|
|a (RuTPU)RU\TPU\prd\19303
|
| 090 |
|
|
|a 388278
|
| 100 |
|
|
|a 20031106a2003 k y0rusy50 ca
|
| 101 |
0 |
|
|a rus
|
| 102 |
|
|
|a RU
|
| 200 |
1 |
|
|a Звёздное начало петербургской электротехники
|f Б. И. Иванов
|
| 225 |
1 |
|
|a Заметки и наблюдения
|
| 320 |
|
|
|a Библиогр.: 5 назв.
|
| 461 |
|
1 |
|0 (RuTPU)RU\TPU\prd\304
|x 0032-874X
|t Природа
|o естественно-научный журнал
|f Российская Академия наук
|d 1912-
|
| 463 |
|
1 |
|0 (RuTPU)RU\TPU\prd\72973
|t № 9
|v с. 66-75
|d 2003
|
| 610 |
1 |
|
|a электротехника
|
| 610 |
1 |
|
|a техника
|
| 610 |
1 |
|
|a электричество
|
| 610 |
1 |
|
|a биоэлектричество
|
| 610 |
1 |
|
|a Академия наук
|
| 610 |
1 |
|
|a Петербург
|
| 610 |
1 |
|
|a громовая машина
|
| 610 |
1 |
|
|a телеграфные аппараты
|
| 610 |
1 |
|
|a история
|
| 700 |
|
1 |
|a Иванов
|b Б. И.
|
| 801 |
|
1 |
|a RU
|b 63413507
|c 20031106
|g PSBO
|
| 801 |
|
2 |
|a RU
|b 63413507
|c 20160202
|g RCR
|
| 942 |
|
|
|c BK
|